<?xml version="1.0" encoding="UTF-8"?>
<record
    xmlns:xsi="http://www.w3.org/2001/XMLSchema-instance"
    xsi:schemaLocation="http://www.loc.gov/MARC21/slim http://www.loc.gov/standards/marcxml/schema/MARC21slim.xsd"
    xmlns="http://www.loc.gov/MARC21/slim">

  <leader>02161nam a22002297a 4500</leader>
  <controlfield tag="005">20250407103620.0</controlfield>
  <controlfield tag="008">250121b           ||||| |||| 00| 0 eng d</controlfield>
  <datafield tag="020" ind1=" " ind2=" ">
    <subfield code="a">9788196071851</subfield>
  </datafield>
  <datafield tag="040" ind1=" " ind2=" ">
    <subfield code="c">AL</subfield>
  </datafield>
  <datafield tag="041" ind1=" " ind2=" ">
    <subfield code="a">Kannada</subfield>
  </datafield>
  <datafield tag="082" ind1=" " ind2=" ">
    <subfield code="2">23</subfield>
    <subfield code="a">K894.3</subfield>
    <subfield code="b">BORA</subfield>
  </datafield>
  <datafield tag="100" ind1=" " ind2=" ">
    <subfield code="a">Hi chi Boralingaiah</subfield>
    <subfield code="9">207667</subfield>
  </datafield>
  <datafield tag="100" ind1=" " ind2=" ">
    <subfield code="b">&#xCB9;&#xCBF; &#xC9A;&#xCBF; &#xCAC;&#xCCB;&#xCB0;&#xCB2;&#xCBF;&#xC82;&#xC97;&#xCAF;&#xCCD;&#xCAF; </subfield>
    <subfield code="9">207668</subfield>
  </datafield>
  <datafield tag="245" ind1=" " ind2=" ">
    <subfield code="a">Aanekaadu</subfield>
    <subfield code="b">&#xC86;&#xCA8;&#xCC6;&#xC95;&#xCBE;&#xCA1;&#xCC1; </subfield>
  </datafield>
  <datafield tag="260" ind1=" " ind2=" ">
    <subfield code="a">Bangalore</subfield>
    <subfield code="b">Bahuroopi</subfield>
    <subfield code="c">2024</subfield>
  </datafield>
  <datafield tag="300" ind1=" " ind2=" ">
    <subfield code="a">320 p.</subfield>
    <subfield code="b">PB</subfield>
    <subfield code="c">21x14 cm.</subfield>
  </datafield>
  <datafield tag="365" ind1=" " ind2=" ">
    <subfield code="a">BLCR-000064</subfield>
    <subfield code="b">&#x20B9;300.00</subfield>
    <subfield code="c">&#x20B9;</subfield>
    <subfield code="d">&#x20B9;375.00</subfield>
    <subfield code="e">20%</subfield>
    <subfield code="f">13-01-2025</subfield>
  </datafield>
  <datafield tag="520" ind1=" " ind2=" ">
    <subfield code="a">&#x2018;&#xC86;&#xCA8;&#xCC6; &#xC95;&#xCBE;&#xCA1;&#xCC1;&#x2019; &#xC9C;&#xCC7;&#xCA8;&#xCC1;&#xC95;&#xCC1;&#xCB0;&#xCC1;&#xCAC;&#xCB0; &#xCB8;&#xCAE;&#xCC1;&#xCA6;&#xCBE;&#xCAF;, &#xC95;&#xCC1;&#xC9F;&#xCC1;&#xC82;&#xCAC; &#xCAE;&#xCA4;&#xCCD;&#xCA4;&#xCC1; &#xCB5;&#xCCD;&#xCAF;&#xC95;&#xCCD;&#xCA4;&#xCBF;&#xC97;&#xCB3; &#xC85;&#xC82;&#xCA4;&#xCC6;&#xCAF;&#xCC7; &#xC85;&#xCB5;&#xCB0;&#xCC1; &#xC9C;&#xCC0;&#xCB5;&#xCBF;&#xCB8;&#xCC1;&#xCB5; &#xCAD;&#xCC2;&#xCAA;&#xCCD;&#xCB0;&#xCA6;&#xCC7;&#xCB6;&#xCA6; &#xCA6;&#xCC1;&#xCB0;&#xC82;&#xCA4;&#xCB5;&#xCA8;&#xCCD;&#xCA8;&#xCC1; &#xCA8;&#xCBF;&#xCB0;&#xCC2;&#xCAA;&#xCBF;&#xCB8;&#xCC1;&#xCB5; &#xCA8;&#xCC7;&#xCB0;&#xCB5;&#xCBE;&#xCA6; &#xC95;&#xCA5;&#xCA8;, &#xCB8;&#xCB0;&#xCCD;&#xC95;&#xCBE;&#xCB0; &#xCAE;&#xCA4;&#xCCD;&#xCA4;&#xCC1; &#xCB9;&#xCCB;&#xCB0;&#xCBE;&#xC9F;&#xC97;&#xCBE;&#xCB0;&#xCB0; &#xC98;&#xCCB;&#xCB7;&#xCBF;&#xCA4; &#xC89;&#xCA6;&#xCCD;&#xCA6;&#xCC7;&#xCB6;&#xC97;&#xCB3;&#xCC1; &#xC92;&#xC82;&#xCA6;&#xCC7; &#xC8E;&#xCA8;&#xCBF;&#xCB8;&#xCBF;&#xCA6;&#xCB0;&#xCC2; &#xC85;&#xCB5;&#xCC1;&#xC97;&#xCB3; &#xCA8;&#xCA1;&#xCC1;&#xCB5;&#xCC6; &#xC87;&#xCB0;&#xCC1;&#xCB5; &#xCB5;&#xCBF;&#xCB0;&#xCCB;&#xCA7;&#xC95;&#xCCD;&#xC95;&#xCC6; &#xC95;&#xCBE;&#xCA6;&#xC82;&#xCAC;&#xCB0;&#xCBF; &#xC95;&#xCA8;&#xCCD;&#xCA8;&#xCA1;&#xCBF; &#xCB9;&#xCBF;&#xCA1;&#xCBF;&#xCAF;&#xCC1;&#xCA4;&#xCCD;&#xCA4;&#xCA6;&#xCC6;.  &#xC87;&#xCA6;&#xCC1; &#xC85;&#xCAA;&#xCBE;&#xCB0;&#xCB5;&#xCBE;&#xCA6; &#xCB2;&#xCCB;&#xC95;&#xCA6;&#xCB0;&#xCCD;&#xCB6;&#xCA8;, &#xCB8;&#xC82;&#xCB6;&#xCCB;&#xCA7;&#xCA8;&#xCC6; &#xCAE;&#xCA4;&#xCCD;&#xCA4;&#xCC1; &#xC85;&#xCA8;&#xCC1;&#xCAD;&#xCB5;&#xC97;&#xCB3;&#xCA8;&#xCCD;&#xCA8;&#xCC1; &#xCAC;&#xCAF;&#xCB8;&#xCC1;&#xCB5; &#xCAA;&#xCCD;&#xCB0;&#xC95;&#xCBE;&#xCB0;. &#xCA8;&#xCA8;&#xCCD;&#xCA8; &#xCB9;&#xCB2;&#xCB5;&#xCC1; &#xC95;&#xCBE;&#xCB2;&#xCA6; &#xC97;&#xCC6;&#xCB3;&#xCC6;&#xCAF;&#xCB0;&#xCC2; &#xC9C;&#xCBE;&#xCA8;&#xCAA;&#xCA6; &#xCB5;&#xCBF;&#xCA6;&#xCCD;&#xCB5;&#xCBE;&#xC82;&#xCB8;&#xCB0;&#xCC2; &#xC95;&#xCCD;&#xCB7;&#xCC7;&#xCA4;&#xCCD;&#xCB0;&#xC95;&#xCBE;&#xCB0;&#xCCD;&#xCAF; &#xCAA;&#xCCD;&#xCB0;&#xCBF;&#xCAF;&#xCB0;&#xCC2; &#xC86;&#xCA6; &#xCAA;&#xCCD;&#xCB0;&#xCCA;. &#xCB9;&#xCBF;.&#xC9A;&#xCBF;.&#xCAC;&#xCCB;&#xCB0;&#xCB2;&#xCBF;&#xC82;&#xC97;&#xCAF;&#xCCD;&#xCAF; &#xC85;&#xCB5;&#xCB0;&#xCC1; &#xCAE;&#xCCA;&#xCA6;&#xCB2;&#xCBF;&#xCA8;&#xCBF;&#xC82;&#xCA6; &#xC95;&#xCCA;&#xCA8;&#xCC6;&#xCAF;&#xCB5;&#xCB0;&#xCC6;&#xC97;&#xCC6; &#xCA8;&#xCAE;&#xCCD;&#xCAE; &#xC86;&#xCB8;&#xC95;&#xCCD;&#xCA4;&#xCBF;&#xCAF;&#xCA8;&#xCCD;&#xCA8;&#xCC1; &#xCB9;&#xCBF;&#xCA1;&#xCBF;&#xCA6;&#xCBF;&#xC9F;&#xCCD;&#xC9F;&#xCC1;&#xC95;&#xCCA;&#xCB3;&#xCCD;&#xCB3;&#xCC1;&#xCB5; &#xC95;&#xCBE;&#xCA6;&#xC82;&#xCAC;&#xCB0;&#xCBF;&#xCAF;&#xCA8;&#xCCD;&#xCA8;&#xCC1; &#xCA8;&#xCAE;&#xC97;&#xCC6; &#xC95;&#xCCA;&#xC9F;&#xCCD;&#xC9F;&#xCBF;&#xCA6;&#xCCD;&#xCA6;&#xCBE;&#xCB0;&#xCC6;. &#xCA6;&#xCC2;&#xCB0;&#xCA6; &#xC85;&#xCAE;&#xCC6;&#xCB0;&#xCBF;&#xC95;&#xCBE;&#xCA6;&#xCB2;&#xCCD;&#xCB2;&#xCBF; &#xC95;&#xCC1;&#xCB3;&#xCBF;&#xCA4;&#xCC1;, &#xCA8;&#xCC6;&#xCA8;&#xCAA;&#xCC1;&#xC97;&#xCB3; &#xC95;&#xCBE;&#xCA1;&#xCBF;&#xCA8;&#xCB2;&#xCCD;&#xCB2;&#xCBF; &#xC93;&#xCA1;&#xCBE;&#xCA1;&#xCBF;, &#xC88; &#xC95;&#xCBE;&#xCA6;&#xC82;&#xCAC;&#xCB0;&#xCBF;&#xCAF;&#xCA8;&#xCCD;&#xCA8;&#xCC1; &#xC95;&#xC9F;&#xCCD;&#xC9F;&#xCBF;&#xCA6;&#xCCD;&#xCA6;&#xCBE;&#xCB0;&#xCC6;.</subfield>
  </datafield>
  <datafield tag="650" ind1=" " ind2=" ">
    <subfield code="a">Fiction</subfield>
    <subfield code="9">194252</subfield>
  </datafield>
  <datafield tag="650" ind1=" " ind2=" ">
    <subfield code="a">&#xC95;&#xCBE;&#xCA6;&#xC82;&#xCAC;&#xCB0;&#xCBF; </subfield>
    <subfield code="9">194253</subfield>
  </datafield>
  <datafield tag="942" ind1=" " ind2=" ">
    <subfield code="2">ddc</subfield>
    <subfield code="c">BK</subfield>
  </datafield>
  <datafield tag="999" ind1=" " ind2=" ">
    <subfield code="c">233668</subfield>
    <subfield code="d">233668</subfield>
  </datafield>
  <datafield tag="952" ind1=" " ind2=" ">
    <subfield code="0">0</subfield>
    <subfield code="1">0</subfield>
    <subfield code="2">ddc</subfield>
    <subfield code="4">0</subfield>
    <subfield code="7">0</subfield>
    <subfield code="8">BOT</subfield>
    <subfield code="a">AL</subfield>
    <subfield code="b">AL</subfield>
    <subfield code="d">2025-01-20</subfield>
    <subfield code="e">Navakarnataka Publications Pvt Ltd Mangaluru-575001</subfield>
    <subfield code="g">300.00</subfield>
    <subfield code="l">0</subfield>
    <subfield code="o">K894.3 BORA</subfield>
    <subfield code="p">077543</subfield>
    <subfield code="r">2025-01-21 00:00:00</subfield>
    <subfield code="v">375.00</subfield>
    <subfield code="w">2025-01-21</subfield>
    <subfield code="y">BK</subfield>
  </datafield>
</record>
